La edad media

Uloženo v:
Podrobná bibliografie
Hlavní autor: Fossier, Robert (Autor)
Médium: Kniha
Jazyk:španělština
Vydáno: Barcelona Crítica 1988
Témata:
Tagy: Přidat tag
Žádné tagy, Buďte první, kdo vytvoří štítek k tomuto záznamu!

MARC

LEADER 00000nam a2200000 a 4500
001 UCW9452
003 CL-VaPUC
008 890424e19880000SP |||||||||||||||||spa|d
082 0 4 |a 940.1  |b FOS  |2 21 
100 0 |a Fossier, Robert  |e author  |9 314736 
245 1 3 |a La edad media 
300 |a 3 v 
942 |c BK 
945 |d 19890424 00:00:00 
260 |a Barcelona  |b Crítica  |c 1988 
500 |a v.1: La formación del mundo medieval 350-950 
500 |a v.2: El despertar de Europa 950-1250 
500 |a v.3: El tiempo de las crisis 1250-1520 
650 0 |a Edad media  |9 258041 
583 |a last modification  |c 19890424 00:00:00  |k Rodrigo Vera 
999 |c 221428  |d 221426 
952 |0 0  |1 0  |4 0  |6 940_100000000000000_FOS_1988  |7 0  |8 X  |9 214754  |a BIBHIS  |b BIBHIS  |d 2019-11-15  |h v.1  |i 2832992  |o 940.1 FOS 1988  |p 2832992  |r 2024-01-30  |w 2019-11-15  |y BK_X  |k HIS 
952 |0 0  |1 0  |4 0  |6 940_100000000000000_FOS_1988  |7 0  |8 X  |9 214755  |a BIBHIS  |b BIBHIS  |d 2019-11-15  |h v.2  |i 283300K  |o 940.1 FOS 1988  |p 283300K  |r 2024-01-30  |w 2019-11-15  |y BK_X  |k HIS 
952 |0 0  |1 0  |4 0  |6 940_100000000000000_FOS_1988  |7 0  |8 X  |9 214756  |a BIBHIS  |b BIBHIS  |d 2019-11-15  |h v.3  |i 2833018  |o 940.1 FOS 1988  |p 2833018  |r 2024-01-30  |w 2019-11-15  |y BK_X  |k HIS